| 000 | 01147cab a2200241 4500 | ||
|---|---|---|---|
| 001 | ABS43713 | ||
| 008 | 090401t1990 xxu||||| |||| 00| 0 eng d | ||
| 035 | _a(Sirsi) u43147 | ||
| 041 | _aeng | ||
| 245 | _aMinerals planning for the United Kingdom | ||
| 260 | _c1990 | ||
| 350 | _a0 | ||
| 490 |
_aMinerals Industry International _v(996) September 1990, 16-23(8) |
||
| 520 | _aA recent joint seminar between the Institution of Mining and Metallurgy and Royal Institution of Chartered Surveyors at St Ives, 4 May 1990 on UK planning procedures for minerals extraction includes contributions representing the views of different aspects of the industry. These include G.C. Griffin putting the planner `s point of view, P.A. Vincent representing the producers point of view; M.G.Oldridge the quarry`s views and W.M. Whetter `s long-term view of the industry. Dr S R Dennison sums up the general situation in this keynote speech . | ||
| 650 | _aAGGREGATES | ||
| 650 | _aBARDON HILL QUARRIES | ||
| 650 | _aDEMAND | ||
| 650 | _aFORECASTS | ||
| 650 | _aSAND AND GRAVEL | ||
| 690 | _aMINING AND MINERALS | ||
| 942 | _n0 | ||
| 948 | _c04/03/1997 | ||
| 999 |
_c27587 _d27587 |
||